000 01462cam a2200349 a 4500
999 _c531715
_d531715
001 16069112
003 NUST
005 20191024104915.0
008 100126s2010 flua b 001 0 eng
010 _a 2010001112
020 _a9780415401678 (hardcover : alk. paper)
020 _z9780203848104 (e-book)
038 _aMSOHAIL
040 _aDLC
_cDLC
_dDLC
050 0 0 _aGB1197.7
_b.B86 2010
082 0 0 _a551.49015118
_222
100 1 _aBundschuh, Jochen.
_98450
245 1 0 _aIntroduction to the numerical modeling of groundwater and geothermal systems :
_bfundamentals of mass, energy, and solute transport in poroelastic rocks /
_cJochen Bundschuh, Mario César Suárez Arriaga.
260 _aBoca Raton :
_bCRC Press,
_cc2010.
300 _axlii, 479 p. :
_bill. (some col.) ;
_c26 cm.
490 0 _aMultiphysics modeling,
_x1877-0274 ;
_vv. 2
500 _a"A Balkema book."
504 _aIncludes bibliographical references (p. 439-456) and index.
650 0 _aGroundwater flow
_xMathematical models.
_92319
650 0 _aRocks
_xPermeability
_xMathematical models.
_924674
650 0 _aPorous materials
_xPermeability
_xMathematical models.
_924675
650 0 _aTransport theory
_xMathematical models.
_924676
700 1 _aSuárez Arriaga, Mario César.
_924677
906 _a7
_bcbc
_corignew
_d1
_eecip
_f20
_gy-gencatlg
942 _2ddc
_cBK